[Event "Gatineau Pentes U1600"]
[Site "Gatineau"]
[Date "2019.01.29"]
[Round "2"]
[White "Boutin, Michel"]
[Black "Simard, Paul"]
[Result "1-0"]
[WhiteElo "1183"]
[BlackElo "1182"]
[PlyCount "39"]
[EventDate "2019.01.22"]
[EventType "swiss"]
[EventRounds "5"]
[EventCountry "CAN"]
[SourceTitle "EXT 2022"]
[Source "ChessBase"]
[SourceDate "2021.10.06"]
[SourceVersion "1"]
[SourceVersionDate "2021.10.06"]
[SourceQuality "1"]

1. d4 d5 2. c4 dxc4 3. Nf3 Nf6 4. Nc3 e6 5. Bg5 Be7 6. e3 0-0 7. Bxc4 a6 8. 0-0 b5 9. Bb3 Nc6 10. a3 Na5 11. Qd2 Nxb3 12. Qd1 Nxa1 13. Qxa1 Bb7 14. Qd1 Nd5 15. Bxe7 Qxe7 16. Re1 Nxc3 17. bxc3 Qxa3 18. Qc2 Rad8 19. Ng5 h6 20. Qh7# 1-0

[Event "Gatineau Feuille d'Erable U1600"]
[Site "Gatineau"]
[Date "2018.11.20"]
[Round "5"]
[White "Simard, Paul"]
[Black "Arcand, Pierre"]
[Result "1-0"]
[WhiteElo "1167"]
[BlackElo "1175"]
[PlyCount "87"]
[EventDate "2018.10.23"]
[EventType "swiss"]
[EventRounds "5"]
[EventCountry "CAN"]
[SourceTitle "EXT 2022"]
[Source "ChessBase"]
[SourceDate "2021.10.06"]
[SourceVersion "1"]
[SourceVersionDate "2021.10.06"]
[SourceQuality "1"]

1. d4 d5 2. c4 dxc4 3. e4 Nf6 4. Nc3 e6 5. Bxc4 Bb4 6. a3 Bxc3+ 7. bxc3 0-0 8. e5 Ne4 9. Ne2 h6 10. 0-0 b6 11. f3 Ng5 12. Bd3 f6 13. f4 Nh7 14. Be4 c6 15. exf6 Nxf6 16. Ng3 Nxe4 17. Nxe4 Bb7 18. Qg4 Qd5 19. Qg6 Qf5 20. Qxf5 exf5 21. Ng3 Nd7 22. Re1 c5 23. Re7 Rad8 24. Be3 g6 25. Re6 Rfe8 26. Rxe8+ Rxe8 27. Bf2 cxd4 28. Bxd4 Kf7 29. Nf1 Nf6 30. Nd2 Ne4 31. Nc4 Ke6 32. Re1 Kd7 33. Ne5+ Ke6 34. Nxg6 Rg8 35. Nh4 Rg4 36. g3 Kd5 37. Nxf5 h5 38. Ne3+ Kc6 39. Nxg4 hxg4 40. Rxe4 Kb5 41. Re3 Ka4 42. Re7 Ba6 43. Rxa7 Ka5 44. f5 1-0

[Event "Gatineau Rentree Hull U1500"]
[Site "Gatineau"]
[Date "2018.09.18"]
[Round "2"]
[White "Simard, Paul"]
[Black "Fex, John"]
[Result "0-1"]
[WhiteElo "1188"]
[BlackElo "1242"]
[PlyCount "56"]
[EventDate "2018.09.11"]
[EventType "swiss"]
[EventRounds "5"]
[EventCountry "CAN"]
[SourceTitle "EXT 2022"]
[Source "ChessBase"]
[SourceDate "2021.10.06"]
[SourceVersion "1"]
[SourceVersionDate "2021.10.06"]
[SourceQuality "1"]

1. d4 e6 2. c4 Nf6 3. Nc3 Bb4 4. a3 Bxc3+ 5. bxc3 d5 6. cxd5 Qxd5 7. Nf3 Nc6 8. e3 Bd7 9. c4 Qh5 10. Be2 Ne4 11. Qc2 f5 12. 0-0 0-0 13. Ne5 Qe8 14. Nxd7 Qxd7 15. f3 Nf6 16. Rb1 b6 17. a4 a6 18. Ba3 Rfc8 19. c5 Nd5 20. Qd3 Rd8 21. f4 Nb8 22. Bd1 Qc6 23. Bb3 Nd7 24. Rbc1 b5 25. axb5 axb5 26. Bxd5 Qxd5 27. Bb4 Ra2 28. Ra1 Qxg2# 0-1

[Event "Outaouais-ch Reserves"]
[Site "Gatineau"]
[Date "2018.05.01"]
[Round "5"]
[White "Ethier, Valori"]
[Black "Simard, Paul"]
[Result "1-0"]
[WhiteElo "1341"]
[BlackElo "1200"]
[PlyCount "87"]
[EventDate "2018.04.03"]
[EventType "swiss"]
[EventRounds "7"]
[EventCountry "CAN"]
[SourceTitle "EXT 2022"]
[Source "ChessBase"]
[SourceDate "2021.10.06"]
[SourceVersion "1"]
[SourceVersionDate "2021.10.06"]
[SourceQuality "1"]

1. e4 e5 2. Bc4 d6 3. d3 Nf6 4. f4 exf4 5. Bxf4 Be7 6. h3 0-0 7. Nf3 Nc6 8. a3 a6 9. c3 b5 10. Ba2 Be6 11. 0-0 Bxa2 12. Rxa2 Nh5 13. Bh2 Nf6 14. b4 Nb8 15. Raf2 Nbd7 16. Nd4 Ne5 17. Bxe5 dxe5 18. Nc6 Qd7 19. Nxe5 Qd6 20. Nf3 Qg3 21. Qe2 Rae8 22. d4 c6 23. Nbd2 Qc7 24. Kh1 Nh5 25. Qd3 Ng3+ 26. Kg1 Nxf1 27. Kxf1 h6 28. e5 f6 29. Ne4 fxe5 30. Nxe5 Rxf2+ 31. Nxf2 Bh4 32. g3 Bf6 33. Qg6 Bxe5 34. Qxe8+ Kh7 35. dxe5 Qb6 36. Qd7 Qe3 37. Qf5+ Kg8 38. e6 Qg5 39. Qxg5 hxg5 40. Ne4 Kf8 41. Nxg5 Ke7 42. Kf2 Kf6 43. Ke3 Kxg5 44. e7 1-0

[Event "Gatineau Pere Noel CEH-B"]
[Site "Gatineau"]
[Date "2017.12.19"]
[Round "3"]
[White "Ethier, Valori"]
[Black "Simard, Paul"]
[Result "1/2-1/2"]
[WhiteElo "1411"]
[BlackElo "1196"]
[PlyCount "67"]
[EventDate "2017.12.05"]
[EventType "swiss"]
[EventRounds "6"]
[EventCountry "CAN"]
[SourceTitle "EXT 2022"]
[Source "ChessBase"]
[SourceDate "2021.10.06"]
[SourceVersion "1"]
[SourceVersionDate "2021.10.06"]
[SourceQuality "1"]

1. e4 e5 2. Bc4 Nf6 3. d3 Be7 4. f4 Nc6 5. a3 d5 6. exd5 Nxd5 7. fxe5 Nxe5 8. Ba2 0-0 9. Nf3 Nxf3+ 10. Qxf3 c6 11. 0-0 Bc5+ 12. Kh1 a6 13. Bxd5 Qxd5 14. Nc3 Qxf3 15. Rxf3 Re8 16. Bd2 Bd4 17. Raf1 Be6 18. Nd1 Bg4 19. Rf4 Bxd1 20. Rxd1 Bxb2 21. Rb4 Bxa3 22. Rxb7 Re2 23. Rb3 Rae8 24. Rxa3 Rxd2 25. Rg1 Rde2 26. Rxa6 Re1 27. Rxc6 f5 28. g3 R1e2 29. Rc5 g6 30. Rf1 Rd2 31. Rc7 Ree2 32. Rb1 Rxh2+ 33. Kg1 Rhg2+ 34. Kh1 1/2-1/2

[Event "Gatineau Printemps-B"]
[Site "Gatineau"]
[Date "2017.04.11"]
[Round "4"]
[White "Raymond, Robert"]
[Black "Simard, Paul"]
[Result "0-1"]
[WhiteElo "1274"]
[BlackElo "1224"]
[PlyCount "102"]
[EventDate "2017.03.21"]
[EventType "swiss"]
[EventRounds "4"]
[EventCountry "CAN"]
[SourceTitle "EXT 2022"]
[Source "ChessBase"]
[SourceDate "2021.10.06"]
[SourceVersion "1"]
[SourceVersionDate "2021.10.06"]
[SourceQuality "1"]

1. e4 Nf6 2. e5 Nd5 3. d4 d6 4. Nf3 Nc6 5. Bb5 e6 6. 0-0 a6 7. Bxc6+ bxc6 8. Qd2 Be7 9. Nc3 Nb6 10. b3 h6 11. Re1 0-0 12. Qf4 dxe5 13. dxe5 Bb7 14. Rd1 Nd5 15. Nxd5 cxd5 16. c4 c6 17. Qg3 Kh7 18. Kh1 Qb6 19. Be3 Bc5 20. Nd4 Rad8 21. Nxe6 fxe6 22. Bxc5 Qxc5 23. Qd3+ Rf5 24. Qd4 Qxd4 25. Rxd4 Rxf2 26. Rdd1 Rdf8 27. Kg1 dxc4 28. Rd7 R8f7 29. Rxf7 Rxf7 30. bxc4 c5 31. Rb1 Be4 32. Rb6 Bd3 33. h3 Bxc4 34. a3 Rf5 35. Rc6 Rxe5 36. Rb6 Re1+ 37. Kf2 Rf1+ 38. Kg3 Kg6 39. Rc6 Rf5 40. h4 h5 41. Rb6 Re5 42. Rb2 Re3+ 43. Kf4 Rxa3 44. Rc2 Ra4 45. Rc3 Bd5+ 46. Ke5 c4 47. Rg3+ Kf7 48. Kd4 Ra1 49. Rg5 g6 50. g4 Rh1 51. gxh5 Rxh4+ 0-1

[Event "Gatineau Hiver-B"]
[Site "Gatineau"]
[Date "2017.02.21"]
[Round "4"]
[White "Simard, Paul"]
[Black "Raymond, Robert"]
[Result "1-0"]
[WhiteElo "1192"]
[BlackElo "1298"]
[PlyCount "61"]
[EventDate "2017.01.31"]
[EventType "swiss"]
[EventRounds "4"]
[EventCountry "CAN"]
[SourceTitle "EXT 2022"]
[Source "ChessBase"]
[SourceDate "2021.10.06"]
[SourceVersion "1"]
[SourceVersionDate "2021.10.06"]
[SourceQuality "1"]

1. f4 e6 2. Nf3 d5 3. e3 Nf6 4. b3 Be7 5. Bb2 0-0 6. Bd3 Nbd7 7. 0-0 h6 8. Nc3 b6 9. Ne2 Bb7 10. c4 Nc5 11. Ne5 Nxd3 12. Nxd3 dxc4 13. Ne5 Qd5 14. Rf3 Qc5 15. Rh3 Qd5 16. Rf3 cxb3 17. axb3 Bb4 18. d3 Rfd8 19. Rc1 c5 20. Rg3 Ba6 21. Nc4 Kh7 22. Ne5 Bxd3 23. Nxf7 Bxe2 24. Qxe2 Qd2 25. Qc4 Qd5 26. Nxd8 Qxc4 27. bxc4 Rxd8 28. Kf1 Rd3 29. Be5 Ra3 30. Rd1 Rb3 31. Bxf6 1-0

[Event "Gatineau Nouvel An U1500"]
[Site "Gatineau"]
[Date "2016.01.19"]
[Round "3"]
[White "Simard, Paul"]
[Black "Ethier, Valori"]
[Result "0-1"]
[WhiteElo "1195"]
[BlackElo "1360"]
[PlyCount "86"]
[EventDate "2016.01.05"]
[EventType "swiss"]
[EventRounds "5"]
[EventCountry "CAN"]
[SourceTitle "EXT 2022"]
[Source "ChessBase"]
[SourceDate "2021.10.06"]
[SourceVersion "1"]
[SourceVersionDate "2021.10.06"]
[SourceQuality "1"]

1. f4 d5 2. Nf3 g6 3. e3 Bg4 4. Be2 Bxf3 5. Bxf3 Bg7 6. d3 c5 7. Nd2 e6 8. 0-0 Qb6 9. Rb1 Nd7 10. Qe2 Rc8 11. b3 Ngf6 12. Bb2 0-0 13. a4 Rfd8 14. g3 a5 15. Bg2 Rc7 16. Nf3 Rdc8 17. Rfc1 Qa7 18. Kh1 Ng4 19. Bxg7 Kxg7 20. Ng5 h5 21. Rf1 c4 22. Rbc1 Qxe3 23. Rce1 Qxe2 24. Rxe2 cxd3 25. cxd3 Rc3 26. h3 Nh6 27. d4 Nf5 28. Rf3 Rxf3 29. Bxf3 Nxg3+ 30. Kg2 Nxe2 31. Bxe2 Rc2 32. Kf2 Rb2 33. Nf3 Rxb3 34. Nd2 Rxh3 35. Bb5 Nf6 36. Ke2 b6 37. Nf3 Ne4 38. Bd3 Nc3+ 39. Kd2 Nxa4 40. Ne5 Rh2+ 41. Kc1 Rf2 42. Bb5 Nc3 43. Bd3 Rxf4 0-1

[Event "Gatineau Equipes"]
[Site "Gatineau"]
[Date "2015.11.03"]
[Round "3"]
[White "Simard, Paul"]
[Black "Arcand, Pierre"]
[Result "1-0"]
[WhiteElo "1200"]
[BlackElo "1089"]
[PlyCount "87"]
[EventDate "2015.10.20"]
[EventType "team-swiss"]
[EventRounds "3"]
[EventCountry "CAN"]
[SourceTitle "EXT 2022"]
[Source "ChessBase"]
[SourceDate "2021.10.06"]
[SourceVersion "1"]
[SourceVersionDate "2021.10.06"]
[SourceQuality "1"]

1. f4 e6 2. b3 Bc5 3. e3 d5 4. Nf3 b6 5. Bb2 Bb7 6. Bxg7 Ne7 7. Bxh8 Nbc6 8. Bb5 Qd6 9. Be5 Qd7 10. Nc3 a6 11. Bxc6 Bxc6 12. Na4 Bxa4 13. bxa4 0-0-0 14. 0-0 Qxa4 15. Bf6 Re8 16. Ng5 h6 17. Nxf7 Rf8 18. Qh5 Ng8 19. Bg7 Re8 20. Nxh6 Nxh6 21. Qxh6 Qxc2 22. d4 Be7 23. Qxe6+ Kb8 24. Qd7 Rg8 25. Qxe7 Qg6 26. f5 Qxg7 27. Qxg7 Rxg7 28. Rf4 Rf7 29. g4 Kc8 30. h4 c5 31. dxc5 bxc5 32. Rc1 c4 33. g5 Kd7 34. g6 Rg7 35. h5 Re7 36. f6 Rxe3 37. g7 Rg3+ 38. Kf2 Rg5 39. f7 Rxg7 40. f8Q Re7 41. Qf5+ Re6 42. Qxd5+ Ke7 43. Re1 Rxe1 44. Kxe1 1-0

[Event "Gatineau Equipes"]
[Site "Gatineau"]
[Date "2015.10.27"]
[Round "2"]
[White "Simard, Paul"]
[Black "Lagace, Jean Pierre"]
[Result "1-0"]
[WhiteElo "1200"]
[BlackElo "922"]
[PlyCount "76"]
[EventDate "2015.10.20"]
[EventType "team-swiss"]
[EventRounds "3"]
[EventCountry "CAN"]
[SourceTitle "EXT 2022"]
[Source "ChessBase"]
[SourceDate "2021.10.06"]
[SourceVersion "1"]
[SourceVersionDate "2021.10.06"]
[SourceQuality "1"]

1. f4 d5 2. e3 Nf6 3. b3 e6 4. Bb2 Be7 5. Nf3 Nc6 6. Bb5 Bd7 7. 0-0 0-0 8. Bxc6 Bxc6 9. Ne5 Qd6 10. d3 Nd7 11. Nd2 Bf6 12. Ndf3 h6 13. a4 b5 14. c4 a6 15. Qd2 Nc5 16. Qc2 b4 17. Bd4 a5 18. Ng4 Bxd4 19. Nxd4 f5 20. Ne5 Be8 21. Rf3 Ra6 22. Rg3 Kh7 23. Re1 Rf6 24. cxd5 exd5 25. Rh3 Rb6 26. Rf1 Bxa4 27. bxa4 Nd7 28. Nb5 Qc5 29. Qf2 Nxe5 30. fxe5 Rbe6 31. exf6 Rxf6 32. Nd4 Qe7 33. Qf4 g5 34. Qf2 g4 35. Rh5 Qe8 36. Rxf5 Rxf5 37. Qxf5+ Kg8 38. Qxd5+ Kh7 1-0

[Event "CEH-ch Releve II"]
[Site "Gatineau"]
[Date "2015.05.10"]
[Round "6"]
[White "Simard, Paul"]
[Black "Arcand, Pierre"]
[Result "1-0"]
[WhiteElo "1111"]
[BlackElo "1142"]
[PlyCount "119"]
[EventDate "2015.04.07"]
[EventType "swiss"]
[EventRounds "6"]
[EventCountry "CAN"]
[SourceTitle "EXT 2016"]
[Source "ChessBase"]
[SourceDate "2015.10.08"]
[SourceVersion "1"]
[SourceVersionDate "2015.10.08"]
[SourceQuality "1"]

1. f4 e6 2. Nf3 Nf6 3. e3 Bc5 4. b3 0-0 5. Bb2 b6 6. Bd3 Ba6 7. Bxa6 Nxa6 8. 0-0 Ne4 9. Nc3 Nxc3 10. Bxc3 Nb4 11. a3 Nd5 12. Bb2 Nf6 13. Ne5 d5 14. b4 Be7 15. Nc6 Qd7 16. Nxe7+ Qxe7 17. Rf3 c5 18. Rg3 cxb4 19. axb4 Rac8 20. d3 g6 21. b5 Rc5 22. Ba3 Rfc8 23. d4 Ne4 24. dxc5 Nxg3 25. cxb6 Qb7 26. hxg3 Qxb6 27. Qe2 Rb8 28. Be7 Qxb5 29. Qxb5 Rxb5 30. Rxa7 Kg7 31. g4 h6 32. g5 Rb8 33. Bf6+ Kg8 34. gxh6 Re8 35. g4 Rc8 36. c3 Re8 37. Kg2 Rc8 38. Kg3 Re8 39. Kh4 Rc8 40. Kg5 Re8 41. h7+ Kxh7 42. Rxf7+ Kg8 43. Kxg6 d4 44. Bxd4 e5 45. Bc5 Re6+ 46. Rf6 Rxf6+ 47. Kxf6 exf4 48. exf4 Kh7 49. g5 Kg8 50. g6 Kh8 51. g7+ Kg8 52. c4 Kh7 53. Kf7 Kh6 54. g8Q Kh5 55. f5 Kh4 56. f6 Kh3 57. Ke7 Kh2 58. f7 Kh1 59. f8Q Kh2 60. Qh6# 1-0